000 00911nam a2200253 a 4500
003 DO-SdBNP
005 20220505132221.0
007 ta
008 220505e2009 dr |||fr|||| 001 0 spa d
020 _a9789945454208
040 _aDO-SdBNP
_bspa
_cBNPHU
082 4 _222
_bC352L
245 1 0 _aLliderazgo y poder:
_bhacia una sociología del liderazgo político dominicano. /
_cWilson Castillo.
246 1 4 _aLliderazgo y teoría social:
_bhacia una sociología del liderazgo político dominicano.
260 _aSanto Domingo :
_bManatí,
_c2009
300 _a290 p. ;
_c21 cm.
500 _aIncluye datos biográficos del autor en la solapa de la cubierta.
500 _aIncluye bibliografía y notas al pié de páginas.
504 _aBibliografía: p. 281 - 290
590 _aInventariado 2022 / MF
650 0 _9678
_aLiderazgo Político
_xRepública Dominicana
910 _aMFeliz
942 _2ddc
_cLBS1
999 _c51645
_d51645